|
|
|
|
| LEADER |
01567nam a2200409Ia 4500 |
| 001 |
EBC997143 |
| 003 |
MiAaPQ |
| 005 |
20200520144314.0 |
| 006 |
m o d | |
| 007 |
cr cn||||||||| |
| 008 |
960621s1997 caua sb 001 0 eng d |
| 010 |
|
|
|z 96025308
|
| 020 |
|
|
|z 080395543X (acid-free paper)
|
| 020 |
|
|
|z 0803955448 (pbk. : acid-free paper)
|
| 020 |
|
|
|z 9780803955448
|
| 020 |
|
|
|z 9781452248851 (ebook)
|
| 035 |
|
|
|a (MiAaPQ)EBC997143
|
| 035 |
|
|
|a (Au-PeEL)EBL997143
|
| 035 |
|
|
|a (CaPaEBR)ebr10586574
|
| 035 |
|
|
|a (CaONFJC)MIL672779
|
| 035 |
|
|
|a (OCoLC)809774096
|
| 040 |
|
|
|a MiAaPQ
|c MiAaPQ
|d MiAaPQ
|
| 050 |
|
4 |
|a HD62.4
|b .C365 1997
|
| 082 |
0 |
4 |
|a 658/.049
|2 20
|
| 100 |
1 |
|
|a Carroll, Stephen J.,
|d 1930-
|
| 245 |
1 |
0 |
|a Ethical dimensions of international management
|h [electronic resource] /
|c Stephen J. Carroll, Martin J. Gannon.
|
| 260 |
|
|
|a Thousand Oaks, Calif. :
|b Sage Publications,
|c c1997.
|
| 300 |
|
|
|a xii, 224 p. :
|b ill.
|
| 440 |
|
0 |
|a Sage series in business ethics
|
| 504 |
|
|
|a Includes bibliographical references (p. 192-206) and indexes.
|
| 533 |
|
|
|a Electronic reproduction. Ann Arbor, MI : ProQuest, 2015. Available via World Wide Web. Access may be limited to ProQuest affiliated libraries.
|
| 650 |
|
0 |
|a Business ethics.
|
| 650 |
|
0 |
|a International business enterprises
|x Management
|x Moral and ethical aspects.
|
| 655 |
|
4 |
|a Electronic books.
|
| 700 |
1 |
|
|a Gannon, Martin J.
|
| 710 |
2 |
|
|a ProQuest (Firm)
|
| 856 |
4 |
0 |
|u https://ebookcentral.proquest.com/lib/matrademy/detail.action?docID=997143
|z Click to View
|